000
00299nam a22001337a 4500
008
170911b xxu||||| |||| 00| 0 eng d
020
_a
9780134423777
041
_a
eng
080
_a
91
100
_a
42
101
_a
GEO
245
_a
GEOGRAPHY FOR EDUCATORS
_c
HARDWICK.S.W
942
_2
udc
_c
BK
999
_c
26949
_d
26949